Refinement of the Voigt Hypothesis for Copper and Brass; Russian Engineering Research; Vol. 42, iss. 9

Bibliografiset tiedot
Parent link:Russian Engineering Research
Vol. 42, iss. 9.— 2022.— [P. 903-906]
Yhteisötekijä: Национальный исследовательский Томский политехнический университет Школа базовой инженерной подготовки Отделение общетехнических дисциплин
Muut tekijät: Tomilin A. K. Aleksander Konstantinovich, Kuznetsov F. Yu. Fedor Yurjevich, Konovalenko I. S. Ivan Sergeevich, Konovalenko I. S. Igor Sergeevich
Yhteenveto:Title screen
According to the Voigt hypothesis, the internal frictional coefficient of metals is frequency-independent. Experiments with copper and brass rods show that the internal frictional coefficient declines hyperbolically with increase in the fundamental frequency.
Режим доступа: по договору с организацией-держателем ресурса
Kieli:englanti
Julkaistu: 2022
Aiheet:
Linkit:https://doi.org/10.3103/S1068798X22090246
Aineistotyyppi: MixedMaterials Elektroninen Kirjan osa
KOHA link:https://koha.lib.tpu.ru/cgi-bin/koha/opac-detail.pl?biblionumber=669319

MARC

LEADER 00000naa0a2200000 4500
001 669319
005 20250213112328.0
035 |a (RuTPU)RU\TPU\network\40559 
035 |a RU\TPU\network\37023 
090 |a 669319 
100 |a 20230322d2022 k||y0rusy50 ba 
101 0 |a eng 
102 |a US 
135 |a drgn ---uucaa 
181 0 |a i  
182 0 |a b 
200 1 |a Refinement of the Voigt Hypothesis for Copper and Brass  |f A. K. Tomilin, F. Yu. Kuznetsov, I. S. Konovalenko, I. S. Konovalenko 
203 |a Text  |c electronic 
300 |a Title screen 
320 |a [References: 10 tit.] 
330 |a According to the Voigt hypothesis, the internal frictional coefficient of metals is frequency-independent. Experiments with copper and brass rods show that the internal frictional coefficient declines hyperbolically with increase in the fundamental frequency. 
333 |a Режим доступа: по договору с организацией-держателем ресурса 
461 |t Russian Engineering Research 
463 |t Vol. 42, iss. 9  |v [P. 903-906]  |d 2022 
610 1 |a электронный ресурс 
610 1 |a труды учёных ТПУ 
610 1 |a Voigt hypothesis 
610 1 |a internal friction 
610 1 |a vibrational strength 
610 1 |a copper 
610 1 |a brass 
610 1 |a гипотеза Фойгта 
610 1 |a трение 
610 1 |a прочность 
610 1 |a медь 
610 1 |a латунь 
701 1 |a Tomilin  |b A. K.  |c physicist, mechanic  |c Professor of Tomsk Polytechnic University, Doctor of physical and mathematical sciences  |f 1955-  |g Aleksander Konstantinovich  |3 (RuTPU)RU\TPU\pers\31485  |9 15646 
701 1 |a Kuznetsov  |b F. Yu.  |g Fedor Yurjevich 
701 1 |a Konovalenko  |b I. S.  |c Physicist  |c Associate Professor of Tomsk Polytechnic University, Candidate of physical and mathematical sciences  |f 1980-  |g Ivan Sergeevich  |3 (RuTPU)RU\TPU\pers\37812  |9 20526 
701 1 |a Konovalenko  |b I. S.  |c physicist  |c Associate Professor of Tomsk Polytechnic University, candidate of physical and mathematical sciences  |f 1980-  |g Igor Sergeevich  |3 (RuTPU)RU\TPU\pers\35818  |9 18963 
712 0 2 |a Национальный исследовательский Томский политехнический университет  |b Школа базовой инженерной подготовки  |b Отделение общетехнических дисциплин  |3 (RuTPU)RU\TPU\col\23550 
801 0 |a RU  |b 63413507  |c 20230322  |g RCR 
856 4 |u https://doi.org/10.3103/S1068798X22090246 
942 |c CF